00526nam a2200169Ia 450000500170000000800410001702000150005808200130007310000180008624500370010426000400014130000140018150000410019594200060023695200990024299900150034120250617022602.0240331s9999 xx 000 0 und d a955958703X bKAVa305 aKavikumara, P 0aSri Lankawe sreshta veerawareyo  aKirindiwelabSinha Publishersc1998 a131 p ., aA book of Sri Lanka's Great Heroines cL 001040708LaWERCLbWERCLcSSCd2024-03-31l0o 305.409 KAVp4608r2024-03-31w2024-03-31yL c1837d1837